000 00501nam a2200193Ia 4500
003 GCL
008 140319s9999 xx 000 0 ara d
040 _aGCL /
_cGCL
082 0 4 _a810.8036
_bع ك
245 1 0 _aالكافى فى البيزرة
300 _a423 ص
490 _a
650 0 4 _aالادب العربى
650 0 4 _aالحضارة الاسلامية
650 0 4 _aالصيد بالصقور
650 0 4 _aالبيزرة
650 0 4 _aالصقور, تدريب
942 _2ddc
_cBK
999 _c38020
_d38020